Statistiques concernant Culture Générale - Série 1419

Cliquez ici pour prendre le quiz!

Statistiques générales

  • Ce quiz a été pris 67 fois
  • Le résultat moyen est 4 sur 10

Statistiques - réponses

Question Réponse % Correct
Dans quel pays se trouve la ville d'Innsbruck ?Autriche
92%
Qui est "Casque d'or " dans le film de Jacques Becker de 1952 ?Simone Signoret
56%
Dans quel pays arabe se trouve la ville d'Homs ?Syrie
53%
Qui est "La banquière" dans le film réalisé en 1980 par Francis Girod ?Romy Schneider
50%
Dans quelle ville portuaire française peut-on visiter le centre national de la mer "Nausicaa" ?Boulogne sur Mer
44%
Dans quel département français se trouve le parc des Caps et Marais d'Opale ?Pas de Calais
37%
Dans quelle ville portuaire française fortifiée peut-on visiter le Musée de la Pêche ?Concarneau
19%
Le tétras-lyre est avec la tulipe sauvage l'emblème du parc naturel du ...Vercors
11%
Dans le film "Ni vu ni connu" réalisé en 1958 par Yves Robert, quel est le nom du braconnier incarné par Louis de Funès ?Blaireau
8%
Dans le film "Ni vu ni connu" réalisé en 1958 par Yves Robert, quel est le nom du garde champêtre incarné par Moustache ?Parju
6%

Distribution des résultats

Percentile par nombre de réponses

% des personnes avec chaque résultat

Votre développement - résultats

Vous n’avez pas pris ce quiz